Baker of the Nile / (Record no. 12406)
[ view plain ]
| 000 -LEADER | |
|---|---|
| fixed length control field | 00538cam a22001932 4500 |
| 001 - CONTROL NUMBER | |
| control field | 0000000571 |
| 005 - DATE AND TIME OF LATEST TRANSACTION | |
| control field | 20151217155804.0 |
| 008 - FIXED-LENGTH DATA ELEMENTS--GENERAL INFORMATION | |
| fixed length control field | 070212s xx 000 0 eng d |
| 040 ## - CATALOGING SOURCE | |
| Original cataloging agency | KABU |
| Transcribing agency | KABU |
| 050 #0 - LIBRARY OF CONGRESS CALL NUMBER | |
| Classification number | DT107.2 |
| Item number | .B16M53 |
| 100 1# - MAIN ENTRY--PERSONAL NAME | |
| Personal name | Middleton, Dorothy. |
| -- | 0000102852 |
| 245 10 - TITLE STATEMENT | |
| Title | Baker of the Nile / |
| Statement of responsibility, etc. | Dorothy Middleton. |
| 260 ## - PUBLICATION, DISTRIBUTION, ETC. (IMPRINT) | |
| Place of publication, distribution, etc. | London : |
| Name of publisher, distributor, etc. | Falcon, |
| Date of publication, distribution, etc. | 1949. |
| 300 ## - PHYSICAL DESCRIPTION | |
| Extent | 280 p. |
| 600 10 - SUBJECT ADDED ENTRY--PERSONAL NAME | |
| Personal name | Baker, Samuel. |
| -- | 0000148798 |
| 908 ## - PUT COMMAND PARAMETER (RLIN) | |
| Put command parameter | 070212 |
| 950 ## - LOCAL HOLDINGS (RLIN) | |
| -- | 1 |
| Withdrawn status | Lost status | Source of classification or shelving scheme | Not for loan | Home library | Current library | Date acquired | Total Checkouts | Full call number | Barcode | Date last seen | Price effective from | Koha item type |
|---|---|---|---|---|---|---|---|---|---|---|---|---|
| Library of Congress Classification | Kabarak, Main Campus | Kabarak, Main Campus | 17/12/2015 | DT107.2 .B16M53 | 006427 | 17/12/2015 | 17/12/2015 | Africana Collection |